Cẩm nang công tác Đảng lưu hành nội bộ

Gồm các chỉ thị, nghị quyết, quyết định, hướng dẫn của Trung ương đến từng chi bộ.

Bewaard in:
Bibliografische gegevens
Hoofdauteur: Nguyễn, Đức Hà
Andere auteurs: Đảng Cộng Sản Việt Nam
Formaat: Boek
Taal:Undetermined
Gepubliceerd in: Chính trị Quốc gia 2010
Onderwerpen:
Online toegang:http://lrc.tdmu.edu.vn/opac/search/detail.asp?aID=2&ID=17664
Tags: Voeg label toe
Geen labels, Wees de eerste die dit record labelt!
Thư viện lưu trữ: Trung tâm Học liệu Trường Đại học Thủ Dầu Một
LEADER 00892nam a2200217Ia 4500
001 TDMU_17664
008 210410s9999 xx 000 0 und d
082 |a 324.2597 071 
090 |b NG527 
100 |a Nguyễn, Đức Hà 
245 0 |a Cẩm nang công tác Đảng 
245 0 |b lưu hành nội bộ 
245 0 |c Nguyễn Đức Hà (chủ biên) 
260 |b Chính trị Quốc gia 
260 |c 2010 
300 |a 271 tr. 
520 |a Gồm các chỉ thị, nghị quyết, quyết định, hướng dẫn của Trung ương đến từng chi bộ. 
650 |a Đảng Cộng Sản Việt Nam  |x Công tác Đảng  |v cẩm nang 
700 |a Đảng Cộng Sản Việt Nam 
856 |u http://lrc.tdmu.edu.vn/opac/search/detail.asp?aID=2&ID=17664 
980 |a Trung tâm Học liệu Trường Đại học Thủ Dầu Một